BTS Solo Songs - Click Quiz - Statistics

General Stats
  • This quiz has been taken 7 times
  • The average score is 17 of 25
Answer Stats
Hint Answer % Correct
MAMA J-Hope
86%
Outro: Ego J-Hope
86%
Filter Jimin
86%
Serendipity (Full Length Edition) Jimin
86%
Euphoria Jungkook
86%
My Time Jungkook
86%
Interlude: Shadow Suga
86%
Trivia 轉: Seesaw Suga
86%
Singularity V
86%
Trivia 起: Just Dance J-Hope
71%
Lie Jimin
71%
Epiphany Jin
71%
Moon Jin
71%
Intro: Persona RM
71%
Inner Child V
71%
Intro: Boy Meets Evil J-Hope
57%
Awake Jin
57%
Begin Jungkook
57%
Intro: O!RUL8,2? RM
57%
Reflection RM
57%
Trivia 承: Love RM
57%
Intro: The Most Beautiful Moment in Life Suga
57%
Stigma V
57%
Intro: What Am I To You RM
43%
First Love Suga
43%
No matching quizzes found
Score Distribution
Percent of People with Each Score
Percentile by Number Answered
Your Score History
You have not taken this quiz